El silabario de la moral cristiana
Kaydedildi:
| Yazar: | |
|---|---|
| Materyal Türü: | Kitap |
| Dil: | İspanyolca |
| Baskı/Yayın Bilgisi: |
Padre Las Casas
San Francisco
1936
|
| Konular: | |
| Etiketler: |
Etiketle
Etiket eklenmemiş, İlk siz ekleyin!
|
MARC
| LEADER | 00000nam a2200000 a 4500 | ||
|---|---|---|---|
| 001 | UCZ5341 | ||
| 003 | CL-VaPUC | ||
| 008 | 951117e19360000CL |||||||||||||||||spa|d | ||
| 082 | 0 | 4 | |a 241 |b OLG |2 21 |
| 100 | |a Olgiati, Francisco |e autor |9 579106 | ||
| 245 | 1 | 3 | |a El silabario de la moral cristiana |
| 300 | |a 254 p | ||
| 942 | |c BK | ||
| 945 | |d 19951117 00:00:00 |a lriquelm | ||
| 260 | |a Padre Las Casas |b San Francisco |c 1936 | ||
| 650 | 0 | |a Teología |9 258766 | |
| 650 | 0 | |a Ética |9 255099 | |
| 650 | 0 | |a Conceptos morales |9 310606 | |
| 650 | 0 | |a Comportamiento moral |9 334569 | |
| 650 | 0 | |a Religión |9 255164 | |
| 650 | 0 | |a Creencia Religiosa |9 316904 | |
| 650 | 0 | |a Amor |9 257817 | |
| 650 | 0 | |a Muerte |9 265114 | |
| 583 | |a last modification |c 19951117 00:00:00 |k Rodrigo Vera | ||
| 999 | |c 241659 |d 241657 | ||
| 952 | |0 0 |1 0 |4 0 |6 241_000000000000000_OLG_1936 |7 0 |8 P |9 254050 |a BIBEDU |b BIBEDU |c BIBEDU_PB |d 2019-11-19 |i 1571729 |o 241 OLG 1936 |p 1571729 |r 2024-01-25 |w 2019-11-19 |y BK |k FIL | ||
| 952 | |0 0 |1 0 |4 0 |6 241_000000000000000_OLG_1936 |7 0 |8 P |9 254051 |a BIBTEO |b BIBTES |c TEO_FTES |d 2019-11-19 |i 3383326 |o 241 OLG 1936 |p 3383326 |r 2024-01-18 |w 2019-11-19 |y BK |k ICR | ||